Harry Potter par émojis: Quiz récapitulatif (Aléatoire) - Statistiques

Statistiques générales
  • Ce quiz a été pris 763 fois
  • Le résultat moyen est 5 sur 20
Statistiques - réponses
Emojis Réponse % Correct
👩‍🦳🐈👩‍🏫 Minerva McGonagall
89%
👩‍🦰🤰7️⃣ Molly Weasley
81%
👓⚡️😫 Harry Potter
76%
🧝‍♂️🧦🔪 Dobby
75%
👨🦌👓 James Potter
74%
👨➡🐺 Rémus Lupin se transforme en loup garou
74%
🦉⚪✉ Hedwige
73%
👩💖🐺 Nymphadora Tonks
73%
👨🏻‍🦰😨🕷 Ron Weasley
72%
👨🌑🐺 Remus Lupin
71%
🐸🍫🃏 Chocogrenouille
69%
🤱❤️☠️ Lily Potter
65%
👩‍🏫🔮👓 Sibylle Trelawney
65%
👩🏽🧠⏳ Hermione Granger
64%
🌂🔑🦄 Rubeus Hagrid
64%
🚂🚋🏫 Poudlard Express
62%
👨‍🦲👃❌ Lord Voldemort
60%
🚌🔵 Magicobus
59%
👻🚽😩 Mimi Geignarde
59%
👩🌱🦡 Pomona Chourave
59%
🐶🐶🐶 Touffu
59%
👻👨‍🏫 Cuthbert Binns
58%
📿⏳⏪ Retourneur de Temps
58%
✉🤬🗯 Beuglante
57%
👴🏻🧪⏳ Horace Slughorn
57%
🧑🏻💔🧪 Severus Rogue
57%
🧟‍♂️↕🚽 Troll
57%
🏦🔑💰 Gringotts
56%
👱🏻‍♀️🌙🐰 Luna Lovegood
56%
👥👳‍♂️😧 Quirinus Quirrell
53%
👨🐶💀 RIP Sirius
53%
👻🤯🔴🟡 Nick Quasi Sans Tête
52%
👨🐭😤 Peter Pettigrow
52%
🔮👩☕️ Divination
50%
👩‍🦰💪🐴 Ginny Weasley
50%
👱‍♂️🐍🍏 Drago Malefoy
47%
🐴⚫☠ Sombral
47%
🐍↕😦 Basilic
46%
🏺🔥📜 Coupe de feu
46%
🧹🧹🧹 Les Trois Balais
46%
👨🦁🗡 Godric Gryffondor
45%
🚪«»🚪 Armoire à Disparaitre
44%
👨‍🦳👨‍⚖️🎩 Cornelius Fudge
44%
🧃🎃 Jus de citrouille
44%
👻🤪 Peeves
44%
🚂🚧🛒 Quai 9 3/4
43%
👨🌕🐺 Loup-garou
42%
🏁♟ Echecs version sorcier géant
41%
👱‍♀️🏆🥉 Fleur Delacour
41%
🧪 Potions
41%
👸👑🦅 Rowena Serdaigle
40%
🌳🥊🚘 Saule Cogneur
39%
🏡🐚👨‍🦰👱‍♀️ Chaumière aux coquillages
38%
🎩💭🏡 Choixpeau
38%
👨‍🦰🚘🦆 Arthur Weasley
36%
🛌🤫🐍 Chambre des Secrets
36%
😶🐗🍻 La Tête de Sanglier
36%
🐺💖👩 Teddy Lupin
36%
👩🦡🏆 Helga Poufsouffle
35%
👱‍♀️📰👓 Rita Skeeter
35%
🗡🦁🔴 Epee de Gryffondor
33%
🏡👨‍🦰👩‍🦰 Le Terrier
33%
🥎🥇💨 Vif d'or
33%
🕷↕🌲 Acromentule
31%
🌿🏊‍♀️⬇ Branchiflore
31%
👻🥱📚 Histoire de la Magie
31%
🛡 Protego
31%
👨‍🦰🐉 Charlie Weasley
30%
🥢💪 Baguette de Sureau
29%
🔍🤞💭 Miroir du Rised
27%
👨📿🐍 Salazar Serpentard
27%
🗺🏫🐺🐭🐶🦌 Carte du Maraudeur
26%
👢➡💨 Portoloin
26%
👩‍🏫🔭 Aurora Sinistra
25%
🤏🦉 Coquecigrue
25%
👨🌱😟 Neville Londubat
25%
🐕‍🦺☠️ Sinistros
25%
😤😈🐸 Dolores Ombrage
24%
🌞 Lumos
23%
🔭⭐🌆 Astronomie
21%
🧑☠🦡 Cédric Diggory
21%
🐎🧑🌲 Centaure
21%
👸🦅🔵 Diadème de Serdaigle
21%
📖🧦 Dobby est liiiiiiiiiiiiiiibre !!!
21%
🍷🔥📜 La coupe de feu sort le nom de Harry
21%
📿🐍🟢 Médaillon de Serpentard
21%
👨🦷🩸 Vampire
21%
🍷🦡🟡 Coupe de Poufsouffle
20%
🧝‍♂️🏠🧑‍🍳 Elfe de Maison
20%
🏬📚📖 Fleury et Bott
20%
💀👨‍🦳🧔 RIP Dumbledore
20%
👨‍🦳👨‍🏫💪 Albus Dumbledore
19%
🐌 Crache Limace
19%
🏫🏰👻 Poudlard
19%
🦴↗ Poussos
19%
👩‍🦱🤪☠ Bellatrix Lestrange
18%
🍺🧈 Bierraubeurre
18%
🏚🌑🐺 Cabane Hurlante
18%
🧑🐍🔥 Gregory Goyle
18%
🐎🦅🙇‍♀️ Hippogriffe
18%
🌱😦➡😃 Mandragore
18%
🦡🤑🥇 Niffleur
18%
🐦🔥🌪 Phenix
18%
👨🐶🏛 Sirius Black
18%
👩➡🎈 Tante marge gonfle comme une montgolfière
18%
🏆🥎🍀 Coupe du monde de Quidditch
17%
🏥 Hôpital Ste Mangouste
17%
🧑🏻🧑🏻🧑🏻🧑🏻🧑🏻🧑🏻🧑🏻 Les 7 Potter
17%
🧚‍♂️🔵🤏 Lutin de Cornouailles
17%
🧑🐍🦀 Vincent Crabbe
17%
😲 Stupefix
16%
🔑 Alohomora
15%
🌱🧤🌲 Botanique
15%
🧝‍♂️🗡 Dobbyyyyyyy :'(
15%
👨‍🦳💺 Horace Slughorn en fauteuil
15%
👱‍♂️🐍🔮 Lucius Malefoy
15%
🏰👱‍♂️👱‍♀️ Manoir des Malefoy
14%
🐀➡🍷 Métamorphose
14%
😱➡😂 Riddikulus
14%
💀 Avada Kedavra
13%
👤🍫🦌 Détraqueur
13%
🍀💪 Felix Felicis
13%
🌲🧚‍♂️🔮 Forêt interdite
13%
👥👨🏻‍🦰🤪 Les jumeaux Weasley
13%
👱‍♀️🐍🤱 Narcissa Malefoy
13%
🐺➡👨 Tue-loup
13%
🪁 Wingardium Leviosa
13%
⏳🦅 Harry et Hermione retournent dans le temps
12%
💧 Aguamenti
11%
🦗🌲🥖 Botruc
11%
🌴😈🔅 Filet du diable
11%
👨🤏🦅 Filius Flitwick
11%
💒👻🦡 Le Moine Gras
11%
🏆➡️🏆🏆 Gemino
10%
🐉🥚🥇 Magyar à Pointes
10%
🟠🟣🤮 Pastille de Gerbe
10%
🛣🧙‍♀️🏬 Chemin de Traverse
9%
7️⃣👨‍🏫👩‍🏫 Défense Contre les Forces du Mal
9%
🔥 Feudeymon
9%
🏛🧙‍♂️👨‍⚖️ Ministère de la Magie
9%
💎☠👻 Pierre de résurrection
9%
🏈🔴⭕ Souafle
9%
👱‍♀️😍 Vélane
9%
👨‍⚖️🏛 Audience de Harry au ministère
8%
🧥🙈👌 Cape d'invisibilité
8%
🧰😨🤡 Epouvantard
8%
✂👻7️⃣ Horcruxe
8%
🖋🟢👱‍♀️ Plume à Papote
8%
👩➡👩‍🦰 Polynectar
8%
🦌 Spero Patronum
8%
Amplificatum
7%
🔍🤞 Découverte du Miroir du Rised
7%
👩👗🏪 Madame Guipure
7%
🐤 Avis
6%
🧹🧙‍♀️🧙‍♂️ Balai volant
6%
👅 Bloclang
6%
💡➡️🌑 Déluminateur
6%
🏇🖼 Le Chevalier du Catogan
6%
🌑 Nox
6%
👩↕🏫 Olympe Maxime
6%
🕰🥄👨‍🦰👩‍🦰 Pendule de la Famille Weasley
6%
🧹🏆🥈 Viktor Krum
6%
🏬👥😂 Weasley, farces pour sorciers facétieux
6%
🧝‍♀️🍺😭 Winky
6%
🥚🥇🐉 1ere tâche
5%
🛣🧙‍♂️⚫ Allée des Embrumes
5%
👃🥰 Amortentia
5%
🏦💸 Gobelin
5%
🧝‍♂️🏐🤛🧹 Le cognard fou
5%
🔍🔁👁‍🗨 Miroir à double sens
5%
🌱😦➡😄 Philtre de mandragore
5%
🦄🐉 Soins aux Créatures Magiques
5%
🤐➡💬 Véritasérum
5%
🏫👩‍🦳🏆 Beauxbâtons
4%
👨‍🦰👨‍💼👓 Percy Weasley
4%
🐴↕🥃 Abraxan
0%
🏪🧙‍♂️⚫ Barjow et Beurk
0%
👨‍🦰🏦👱‍♀️ Bill Weasley
0%
🃏🍫🐸 Carte de Chocogrenouille
0%
🗻🦪📿 Caverne de l'Horcruxe
0%
👴🥢🏪 Chez Ollivander
0%
🦁🐐🐍 Chimère
0%
🧹🪁 Cours de vol
0%
🦷↕ Dentesaugmento
0%
🤕🏥 Dictame
0%
🦟❌ Doxycide
0%
🍬😋🆚🤮 Dragée Surprise de Bertie Crochue
0%
🏫👨🏆 Durmstrang
0%
🧬♾ Elixir de Longue vie
0%
😫 Endoloris
0%
💀🕷 Enterrement d'Aragog
0%
🧝‍♂️🍀💰 Farfadet
0%
🚘🪁🌲 Ford Anglia d'Arthur Weasley
0%
🍨🏪 Glaces Florian Fortarome
0%
💀🍂 Goutte de Mort Vivante
0%
👵🍷📿 Hepzibah Smith
0%
👩📚🏫 Irma Pince
0%
🧚‍♂️😒😠 Kreattur
0%
💀🥢🧥 Le conte des trois frères
0%
🦁➡🐍 Le polynectar
0%
🐍🥅 Le serpent qui sort de la cage
0%
👨🧹⚽ Ludovic Verpey
0%
🧑🥰🐾 Norbert Dragonneau
0%
🍫👃🩸 Nougat Néansang
0%
💑👨‍🦰🦅 Penelope Deauclaire
0%
👨‍🦰👨‍🦰➡👨‍🦳👨‍🦳 Potion de vieillissement
0%
🍫👅↕ Praline longue-langue
0%
👓😘👩🏻 Premier baiser de Cho et Harry
0%
🔮🤔🔴 Rapeltout
0%
🏪🍵🦶 Salon de thé de Madame Pieddodu
0%
🩸📖 Sectumsempra
0%
🐍 Serpentsortia
0%
🥢✨ Sortilèges
0%
🐁🥶 Souris Glacées
0%
🏆🥇 Trophée des Trois Sorciers
0%
🏪🤪 Zonko
0%
Aucun quiz correspondant
Distribution des résultats
% des personnes avec chaque résultat
Percentile par nombre de réponses
Votre historique - résultats
Vous n’avez pas pris ce quiz